| 000 | 01073 a2200169 4500 | ||
|---|---|---|---|
| 003 | Nust | ||
| 005 | 20230403110325.0 | ||
| 040 | _cNust | ||
| 082 | _a320.9,WRI | ||
| 100 |
_aWright, Fowler S _9111671 |
||
| 245 |
_aShould we Surrender Colonies ? / _cS . Fowler Wright |
||
| 260 |
_aLondon _bQueensway Edtion |
||
| 300 | _a251:p | ||
| 505 | _aMr. Chamberlains’s Policy (Page-11), The British Empire Grew (Page-27), How German Colonies Originated (Page-34),The Cape for Holland (Page-43), Destruction of Czechoslovakia (Page-46), The Way of Peace (Page-55), Burglary by Consent (Page-63), Tanganyika (Page-71), Germany Asked for More (Page-80), Looking Ahead (Page-143),Feeling in Australia (Page-148), What Mandates are (Page-151), The Plea of Justice (Page-162), Responsibility for Today (Page-174), Of Those who Died (Page-212), Nazi Intolerance (Page-212), Results of Abandoning Czechoslovakia (Page-218), Hitler’s Contempt (Page-227), Millions of Decent Germans (Page-233), Italian Claims upon France (Page-241). | ||
| 650 |
_a Colonies _949695 |
||
| 942 |
_2ddc _cBK |
||
| 999 |
_c185055 _d185055 |
||